| 000 | 00921cam a2200145ua 4500 | ||
|---|---|---|---|
| 041 |
_aeng _h |
||
| 082 |
_a699.82 _bBUR/GL |
||
| 110 | 1 |
_aBureau of Indian standards . _bBIS _c() |
|
| 245 |
_aGlossary of terms relating to bituminous water proofing and damp proofing of buildings,IS:4911-1986 _hTextual Documents |
||
| 260 |
_a : _bBureau of Indian standards , _c1987. |
||
| 300 | _a12 ; . | ||
| 504 | _a | ||
| 942 | _cBK | ||
| 999 |
_c4597 _d4597 |
||